<?xml version="1.0" encoding="UTF-8"?>
<record
    xmlns:xsi="http://www.w3.org/2001/XMLSchema-instance"
    xsi:schemaLocation="http://www.loc.gov/MARC21/slim http://www.loc.gov/standards/marcxml/schema/MARC21slim.xsd"
    xmlns="http://www.loc.gov/MARC21/slim">

  <leader>03209nam a2200373 i 4500</leader>
  <controlfield tag="003">DO-SdBNP</controlfield>
  <controlfield tag="005">20240314200928.0</controlfield>
  <controlfield tag="006">a||||fr|||| 00| 0 </controlfield>
  <controlfield tag="007">ta</controlfield>
  <controlfield tag="008">230515e2022    dr  |||fr|||| 001 e spa d</controlfield>
  <datafield tag="020" ind1=" " ind2=" ">
    <subfield code="a">9789945643367</subfield>
  </datafield>
  <datafield tag="020" ind1=" " ind2=" ">
    <subfield code="a">9789945643374 (digital)</subfield>
  </datafield>
  <datafield tag="040" ind1=" " ind2=" ">
    <subfield code="a">DO-SdBNP</subfield>
    <subfield code="b">spa</subfield>
    <subfield code="c">BNPHU</subfield>
    <subfield code="e">rda</subfield>
  </datafield>
  <datafield tag="082" ind1=" " ind2="4">
    <subfield code="2">22</subfield>
    <subfield code="b">U54d</subfield>
  </datafield>
  <datafield tag="245" ind1="1" ind2="3">
    <subfield code="a">Una d&#xE9;cada de justicia constitucional:</subfield>
    <subfield code="b">diez sentencias trascendentes. memoria del panel organizado por a Universidad APEC en ocasi&#xF3;n de la celebraci&#xF3;n del d&#xE9;cimo aniversario del Tribunal Constitucional. /</subfield>
    <subfield code="c">Holgu&#xED;n Hach&#xE9;, Franklin, Milton Ray Guevara, Alejando A. Moscoso Sagarra, V&#xED;ctor Joaqu&#xED;n Castellanos Pizano,  Manuel Ram&#xF3;n Herrera Carbucia,...[y otros]</subfield>
  </datafield>
  <datafield tag="264" ind1="3" ind2="0">
    <subfield code="a">Santo Domingo :</subfield>
    <subfield code="b">Tribunal Constitucional de la Rep&#xFA;blica Dominicana, </subfield>
    <subfield code="c">2022</subfield>
  </datafield>
  <datafield tag="300" ind1=" " ind2=" ">
    <subfield code="a">191 p&#xE1;ginas :</subfield>
    <subfield code="c">22 cm.</subfield>
  </datafield>
  <datafield tag="336" ind1=" " ind2=" ">
    <subfield code="2">rdaconten</subfield>
    <subfield code="a">texto</subfield>
    <subfield code="b">txt</subfield>
  </datafield>
  <datafield tag="337" ind1=" " ind2=" ">
    <subfield code="2">rdamedia</subfield>
    <subfield code="a">sin medici&#xF3;n</subfield>
    <subfield code="b">n</subfield>
  </datafield>
  <datafield tag="338" ind1=" " ind2=" ">
    <subfield code="2">rdacarrier</subfield>
    <subfield code="a">volumen</subfield>
    <subfield code="b">nc</subfield>
  </datafield>
  <datafield tag="500" ind1=" " ind2=" ">
    <subfield code="a">Incluye bibliograf&#xED;a y notas al pie de p&#xE1;ginas</subfield>
  </datafield>
  <datafield tag="505" ind1=" " ind2=" ">
    <subfield code="a">Palabras de Presentaci&#xF3;n del Magistrado Presidente Dr. Milton Ray Guevara.</subfield>
    <subfield code="t">Palabras del rector, /</subfield>
    <subfield code="r">Dr. Franklin Holgu&#xED;n Hach&#xE9;. Rector de la Universidad APEC.--</subfield>
    <subfield code="t">Una D&#xE9;cada del Tribunal Constitucional. /</subfield>
    <subfield code="r">Dr. Milton Ray Guevara. Presidente del Tribunal Constitucional de la Rep&#xFA;blica Dominicana.--</subfield>
    <subfield code="t">Una D&#xE9;cada del Tribunal Constitucional: Diez Sentencias Relevantes. /</subfield>
    <subfield code="r">Dr. Alejandro A. Moscoso Segarra. Decano de Humanidades de la Universidad APEC--</subfield>
    <subfield code="t">Las Diez Principales Sentencias del Tribunal Constitucional dominicano. /</subfield>
    <subfield code="r">Mag. V&#xED;ctor Joaqu&#xED;n Castellanos Pizano. Juez del Tribunal Constitucional de la Rep&#xFA;blica Dominicana--</subfield>
    <subfield code="t">Caracter&#xED;sticas y Particularidades de la Jurisprudencia Constitucional en Materia Laboral en una D&#xE9;cada. / </subfield>
    <subfield code="r">Dr. Manuel Ram&#xF3;n Herrera Carbucia.--</subfield>
    <subfield code="t">Primer sustituto del presidente de la Suprema Corte de Justicia.--</subfield>
    <subfield code="t">La Libertad de expresi&#xF3;n ante el TC: una d&#xE9;cada de Jurisprudencia Constitucional. /</subfield>
    <subfield code="r">Dr Namphi Rodr&#xED;guez. Abogado y C&#xE1;tedr&#xE1;tico--</subfield>
    <subfield code="t">Aportes del Tribunal Constitucional en Materia Inmobiliaria Registral.--</subfield>
    <subfield code="r">Mag. Wilson G&#xF3;mez Ram&#xED;rez. Juez del Tribunal Constitucional de la Rep&#xFA;blica Dominicana.--</subfield>
  </datafield>
  <datafield tag="590" ind1=" " ind2=" ">
    <subfield code="a">Inventariado 2023 / MF</subfield>
  </datafield>
  <datafield tag="700" ind1="1" ind2=" ">
    <subfield code="9">14334</subfield>
    <subfield code="a">Holgu&#xED;n Hach&#xE9;, Franklin</subfield>
  </datafield>
  <datafield tag="700" ind1="1" ind2=" ">
    <subfield code="a">Milton Ray Guevara</subfield>
    <subfield code="d">1948-</subfield>
    <subfield code="t">Una D&#xE9;cada del Tribunal Constitucional.</subfield>
    <subfield code="9">78143</subfield>
  </datafield>
  <datafield tag="700" ind1="1" ind2=" ">
    <subfield code="a">Moscoso Segarra, Alejando A.,</subfield>
    <subfield code="t">Una D&#xE9;cada del Tribunal Constitucional: Diez Sentencias Relevantes</subfield>
    <subfield code="9">83376</subfield>
  </datafield>
  <datafield tag="700" ind1=" " ind2=" ">
    <subfield code="9">1057</subfield>
    <subfield code="a">Castellanos Pizano, V&#xED;ctor Joaqu&#xED;n</subfield>
    <subfield code="t">La Diez Principales sentencias del Tribunal Constitucional Dominicano</subfield>
  </datafield>
  <datafield tag="700" ind1="1" ind2=" ">
    <subfield code="a">Herrera Carbucia, Manuel Ram&#xF3;n </subfield>
    <subfield code="t">Caracter&#xED;sticas y Particularidades de la Jurisprudencia Constitucional en Materia Laboral en una D&#xE9;cada.</subfield>
    <subfield code="9">83377</subfield>
  </datafield>
  <datafield tag="700" ind1="1" ind2=" ">
    <subfield code="9">17970</subfield>
    <subfield code="a">Rodr&#xED;guez, Namphi</subfield>
    <subfield code="t">La Libertad de expresi&#xF3;n ante el TC: una d&#xE9;cada de Jurisprudencia Constitucional. </subfield>
  </datafield>
  <datafield tag="700" ind1="1" ind2=" ">
    <subfield code="a">G&#xF3;mez Ram&#xED;rez, Wilson S</subfield>
    <subfield code="d">1953-</subfield>
    <subfield code="t">Aportes del Tribunal Constitucional en Materia Inmobiliaria Registral.</subfield>
    <subfield code="9">46083</subfield>
  </datafield>
  <datafield tag="710" ind1="1" ind2=" ">
    <subfield code="9">79204</subfield>
    <subfield code="a">Rep&#xFA;blica Dominicana:</subfield>
    <subfield code="b">Tribunal Constitucional </subfield>
  </datafield>
  <datafield tag="710" ind1="2" ind2=" ">
    <subfield code="9">30673</subfield>
    <subfield code="a">Universidad APEC</subfield>
  </datafield>
  <datafield tag="942" ind1=" " ind2=" ">
    <subfield code="2">ddc</subfield>
    <subfield code="c">LBS1</subfield>
  </datafield>
  <datafield tag="952" ind1=" " ind2=" ">
    <subfield code="0">0</subfield>
    <subfield code="1">0</subfield>
    <subfield code="2">ddc</subfield>
    <subfield code="5">1</subfield>
    <subfield code="7">0</subfield>
    <subfield code="8">PD</subfield>
    <subfield code="a">BNPHU</subfield>
    <subfield code="b">BNPHU</subfield>
    <subfield code="c">CT</subfield>
    <subfield code="d">2023-01-12</subfield>
    <subfield code="e">Dep&#xF3;sito legal / Tribunal Constitucional</subfield>
    <subfield code="l">0</subfield>
    <subfield code="o">U54d</subfield>
    <subfield code="p">2023-1812</subfield>
    <subfield code="r">2023-05-15</subfield>
    <subfield code="w">2023-05-15</subfield>
    <subfield code="y">LBS1</subfield>
  </datafield>
  <datafield tag="952" ind1=" " ind2=" ">
    <subfield code="0">0</subfield>
    <subfield code="1">0</subfield>
    <subfield code="2">ddc</subfield>
    <subfield code="5">1</subfield>
    <subfield code="7">0</subfield>
    <subfield code="8">PD</subfield>
    <subfield code="a">BNPHU</subfield>
    <subfield code="b">BNPHU</subfield>
    <subfield code="c">CT</subfield>
    <subfield code="d">2023-01-12</subfield>
    <subfield code="e">Dep&#xF3;sito legal / Tribunal Constitucional</subfield>
    <subfield code="l">0</subfield>
    <subfield code="o">U54d</subfield>
    <subfield code="p">2023-1813</subfield>
    <subfield code="r">2023-05-15</subfield>
    <subfield code="t">e.2</subfield>
    <subfield code="w">2023-05-15</subfield>
    <subfield code="y">LBS1</subfield>
  </datafield>
  <datafield tag="952" ind1=" " ind2=" ">
    <subfield code="0">0</subfield>
    <subfield code="1">0</subfield>
    <subfield code="2">ddc</subfield>
    <subfield code="5">6</subfield>
    <subfield code="7">0</subfield>
    <subfield code="8">DS</subfield>
    <subfield code="a">BNPHU</subfield>
    <subfield code="b">BNPHU</subfield>
    <subfield code="c">CT</subfield>
    <subfield code="d">2023-01-12</subfield>
    <subfield code="e">Dep&#xF3;sito legal / Tribunal Constitucional</subfield>
    <subfield code="l">0</subfield>
    <subfield code="o">U54d</subfield>
    <subfield code="p">2023-1814</subfield>
    <subfield code="r">2023-05-15</subfield>
    <subfield code="t">e.3</subfield>
    <subfield code="w">2023-05-15</subfield>
    <subfield code="y">LBS1</subfield>
  </datafield>
  <datafield tag="999" ind1=" " ind2=" ">
    <subfield code="c">53505</subfield>
    <subfield code="d">53505</subfield>
  </datafield>
</record>
